[Event "First Saturday FM-A April 2014"]
[Site "Budapest"]
[Date "2014.04.05"]
[Round "1.1"]
[White "Bacsi, Andras"]
[Black "Terbe, Zsuzsanna"]
[Result "0-1"]
[WhiteElo "1782"]
[BlackElo "2036"]
[PlyCount "124"]
[EventDate "2014.04.05"]

1. d4 Nf6 2. Nf3 g6 3. c4 Bg7 4. Nc3 O-O 5. e4 d6 6. Be2 c5 7. d5 e6 8. O-O
exd5 9. cxd5 Na6 10. Bg5 Nc7 11. a4 Rb8 12. Nd2 b6 13. Nc4 a6 14. e5 dxe5 15.
Nxe5 Bb7 16. Nc6 Bxc6 17. dxc6 Qc8 18. Bf3 Ne6 19. Bxf6 Bxf6 20. Nd5 Kg7 21.
Nxf6 Kxf6 22. Qd5 Rd8 23. Qe4 Qc7 24. Rad1 Nd4 25. Rfe1 Re8 26. Qh4+ Kg7 27.
Qg3 Qxg3 28. fxg3 Nxf3+ 29. gxf3 Rxe1+ 30. Rxe1 Rc8 31. Kf2 Kf6 32. c7 Rxc7 33.
Re8 Rd7 34. Ra8 a5 35. Ke3 Rd4 36. Rc8 Rb4 37. Rc6+ Ke7 38. Rc7+ Ke6 39. Rc6+
Kd7 40. Rf6 Ke7 41. Rc6 Rxb2 42. Rc7+ Ke6 43. Rc6+ Kd7 44. Rf6 Ke7 45. Rc6 Rb4
46. g4 h6 47. f4 Kf8 48. h4 g5 49. hxg5 hxg5 50. fxg5 Rxa4 51. Rxb6 Rxg4 52.
Rb5 Rxg5 53. Rxa5 Kg7 54. Kf4 Kg6 55. Ra6+ f6 56. Rc6 Re5 57. Rc8 Kf7 58. Rc7+
Ke6 59. Rc6+ Kd5 60. Rxf6 Re1 61. Ra6 Kd4 62. Rd6+ Kc3 0-1

[Event "First Saturday FM-A April 2014"]
[Site "Budapest"]
[Date "2014.04.05"]
[Round "1.2"]
[White "Steer, Jozsef"]
[Black "Darazs, Zoltan"]
[Result "1/2-1/2"]
[WhiteElo "1918"]
[BlackElo "2130"]
[PlyCount "83"]
[EventDate "2014.04.05"]

1. e4 e5 2. Bc4 Nf6 3. Nf3 Nc6 4. Nc3 Nxe4 5. Nxe4 d5 6. Bxd5 Qxd5 7. Nc3 Qa5
8. h3 Be6 9. Ng5 Bd7 10. Qh5 g6 11. Qf3 f5 12. Qd5 Qxd5 13. Nxd5 Bd6 14. Nf6+
Ke7 15. Nxd7 Kxd7 16. Nf7 Rhe8 17. Nxd6 Kxd6 18. d3 Nb4 19. Kd1 c5 20. Bd2 Nc6
21. Bc3 b5 22. a3 a5 23. b3 b4 24. Bb2 Nd4 25. Bxd4 cxd4 26. f3 a4 27. axb4
axb3 28. Kd2 Ra2 29. Rxa2 bxa2 30. Ra1 Ra8 31. Kc1 Kc6 32. Kb2 Kb5 33. Rxa2
Rxa2+ 34. Kxa2 Kxb4 35. Kb2 Kc5 36. Kb3 Kd5 37. Kb4 h5 38. h4 e4 39. fxe4+ fxe4
40. dxe4+ Kxe4 41. Kc5 Ke5 42. Kc4 1/2-1/2

[Event "First Saturday FM-A April 2014"]
[Site "Budapest"]
[Date "2014.04.05"]
[Round "1.3"]
[White "Juracsik, Jozsef"]
[Black "Kis, Bela"]
[Result "1-0"]
[WhiteElo "2117"]
[BlackElo "2050"]
[PlyCount "65"]
[EventDate "2014.04.05"]

1. e4 e5 2. Nf3 Nc6 3. Bc4 Bc5 4. b4 Bxb4 5. c3 Ba5 6. d4 d6 7. dxe5 dxe5 8.
Qb3 Qf6 9. O-O Nh6 10. Ba3 Bg4 11. Nbd2 O-O-O 12. Bd5 Bb6 13. c4 Na5 14. Qc3 c6
15. Bb4 Bxf3 16. Nxf3 cxd5 17. cxd5+ Kb8 18. Bxa5 Rc8 19. Qd2 Bxa5 20. Qxa5 Qd6
21. Ng5 Rc5 22. Qd2 Rhc8 23. Rfc1 a6 24. h3 Rc4 25. Rxc4 Rxc4 26. Rb1 f6 27.
Ne6 Rxe4 28. Nxg7 f5 29. Qg5 f4 30. Ne6 Qxd5 31. Qxh6 Qxa2 32. Qf8+ Ka7 33.
Qc5+ 1-0

[Event "First Saturday FM-A April 2014"]
[Site "Budapest"]
[Date "2014.04.05"]
[Round "1.4"]
[White "Bartha, Sandor"]
[Black "Marcu, Simon"]
[Result "1-0"]
[WhiteElo "2102"]
[BlackElo "1844"]
[PlyCount "73"]
[EventDate "2014.04.05"]

1. d4 d5 2. Nf3 Nf6 3. e3 e6 4. c4 c5 5. cxd5 Nxd5 6. Bb5+ Bd7 7. Bxd7+ Nxd7 8.
O-O cxd4 9. Nxd4 Bc5 10. a3 a5 11. b3 O-O 12. Bb2 Qb6 13. Nd2 N7f6 14. Nc4 Qa6
15. Qf3 b5 16. Ne5 Rac8 17. Qe2 Bxd4 18. Bxd4 Qb7 19. Ng4 Nxg4 20. Qxg4 f5 21.
Qe2 Rf7 22. Qd2 b4 23. axb4 axb4 24. h3 Qb5 25. Rfc1 Rfc7 26. Rxc7 Rxc7 27.
Ra8+ Kf7 28. Qd1 Kg6 29. Qf3 Qd7 30. Be5 Rb7 31. Rg8 Nf6 32. Qg3+ Kh6 33. Bxf6
Qd1+ 34. Kh2 gxf6 35. Qh4+ Qh5 36. Qxf6+ Qg6 37. Rxg6+ 1-0

[Event "First Saturday FM-A April 2014"]
[Site "Budapest"]
[Date "2014.04.05"]
[Round "1.5"]
[White "Terbe, Julianna"]
[Black "Berta, Sandor"]
[Result "1/2-1/2"]
[WhiteElo "2102"]
[BlackElo "1982"]
[PlyCount "34"]
[EventDate "2014.04.05"]

1. d4 Nf6 2. c4 e5 3. dxe5 Ng4 4. Nf3 Nc6 5. e3 Ngxe5 6. Nc3 Bb4 7. Bd2 O-O 8.
Be2 d6 9. O-O Nxf3+ 10. Bxf3 Ne5 11. Be2 Be6 12. b3 Qf6 13. Ne4 Qg6 14. Bxb4
Qxe4 15. Bf3 Nxf3+ 16. Qxf3 Qxf3 17. gxf3 Rae8 1/2-1/2

[Event "First Saturday FM-A April 2014"]
[Site "Budapest"]
[Date "2014.04.06"]
[Round "2.1"]
[White "Terbe, Zsuzsanna"]
[Black "Berta, Sandor"]
[Result "1/2-1/2"]
[WhiteElo "2036"]
[BlackElo "1982"]
[PlyCount "36"]
[EventDate "2014.04.05"]

1. e4 e5 2. f4 exf4 3. Nf3 Nc6 4. d4 d5 5. exd5 Qxd5 6. Nc3 Bb4 7. Bxf4 Bxc3+
8. bxc3 Qa5 9. Qd2 Nge7 10. Bd3 O-O 11. O-O Bf5 12. Bxf5 Nxf5 13. Rab1 Rab8 14.
Ne5 Nxe5 15. Bxe5 Nd6 16. Qg5 f6 17. Bxf6 Qxg5 18. Bxg5 Ne4 1/2-1/2

[Event "First Saturday FM-A April 2014"]
[Site "Budapest"]
[Date "2014.04.06"]
[Round "2.2"]
[White "Marcu, Simon"]
[Black "Terbe, Julianna"]
[Result "0-1"]
[WhiteElo "1844"]
[BlackElo "2102"]
[PlyCount "110"]
[EventDate "2014.04.05"]

1. d4 Nf6 2. c4 g6 3. Nc3 Bg7 4. e4 d6 5. Bg5 O-O 6. Bd3 c5 7. d5 e6 8. Nge2
exd5 9. exd5 h6 10. Bh4 a6 11. a4 Nbd7 12. f4 Qc7 13. O-O Ng4 14. Qd2 f5 15. h3
Ngf6 16. Rae1 Re8 17. Ng3 Nf8 18. Rxe8 Nxe8 19. Re1 Bd7 20. Re7 Nh7 21. b3 Bf8
22. Re1 Nef6 23. Kh2 Rb8 24. Kg1 Qb6 25. Bc2 Qb4 26. Bxf6 Nxf6 27. Nb1 Qb6 28.
Nc3 Qd8 29. Bd3 Bg7 30. Kh2 Ne8 31. Nce2 b5 32. axb5 axb5 33. Qe3 Bf6 34. Ng1
Qa5 35. cxb5 Nc7 36. Nf3 Nxb5 37. Bc4 Na3 38. Qc1 Qb4 39. Re2 Kf7 40. Ne5+ dxe5
41. fxe5 Bg5 42. Qa1 Nxc4 43. e6+ Kg8 44. exd7 Ne3 45. Qe5 f4 46. Ne4 Qb6 47.
Qe8+ Kg7 48. Nxg5 hxg5 49. Qe7+ Kh6 50. h4 Qd8 51. hxg5+ Kh5 52. Qd6 Rxb3 53.
Rf2 Ng4+ 54. Kg1 Nxf2 55. Kxf2 Qxg5 0-1

[Event "First Saturday FM-A April 2014"]
[Site "Budapest"]
[Date "2014.04.06"]
[Round "2.3"]
[White "Kis, Bela"]
[Black "Bartha, Sandor"]
[Result "1-0"]
[WhiteElo "2050"]
[BlackElo "2102"]
[PlyCount "33"]
[EventDate "2014.04.05"]

1. e4 c5 2. d4 cxd4 3. c3 dxc3 4. Nxc3 Nc6 5. Nf3 e6 6. Bc4 a6 7. O-O g6 8. Bg5
Be7 9. Be3 b5 10. Bb3 b4 11. Nd5 exd5 12. Qxd5 Qa5 13. Qxf7+ Kd8 14. e5 Nh6 15.
Bxh6 Bb7 16. Rad1 Kc7 17. Rd5 1-0

[Event "First Saturday FM-A April 2014"]
[Site "Budapest"]
[Date "2014.04.06"]
[Round "2.4"]
[White "Darazs, Zoltan"]
[Black "Juracsik, Jozsef"]
[Result "1/2-1/2"]
[WhiteElo "2130"]
[BlackElo "2117"]
[PlyCount "29"]
[EventDate "2014.04.05"]

1. e4 e5 2. Nf3 Nc6 3. Bb5 a6 4. Ba4 d6 5. Bxc6+ bxc6 6. d4 exd4 7. Qxd4 Bg4 8.
Qd3 Be7 9. Nc3 Nf6 10. O-O O-O 11. Bf4 Bxf3 12. Qxf3 Nd7 13. Rfe1 Bf6 14. Rad1
Qb8 15. Rb1 1/2-1/2

[Event "First Saturday FM-A April 2014"]
[Site "Budapest"]
[Date "2014.04.06"]
[Round "2.5"]
[White "Bacsi, Andras"]
[Black "Steer, Jozsef"]
[Result "1/2-1/2"]
[WhiteElo "1782"]
[BlackElo "1918"]
[PlyCount "30"]
[EventDate "2014.04.05"]

1. Nf3 Nf6 2. b3 g6 3. Bb2 Bg7 4. g3 d5 5. d4 O-O 6. Bg2 c6 7. Nbd2 Re8 8. O-O
Nbd7 9. c4 e6 10. Qc2 b6 11. e4 dxe4 12. Nxe4 Nxe4 13. Qxe4 Bb7 14. Rad1 Qc7
15. Qc2 c5 1/2-1/2

[Event "First Saturday FM-A April 2014"]
[Site "Budapest"]
[Date "2014.04.07"]
[Round "3.1"]
[White "Steer, Jozsef"]
[Black "Terbe, Zsuzsanna"]
[Result "1/2-1/2"]
[WhiteElo "1918"]
[BlackElo "2036"]
[PlyCount "77"]
[EventDate "2014.04.05"]

1. e4 d6 2. d4 Nf6 3. Nc3 g6 4. Bc4 Bg7 5. f3 c6 6. a4 O-O 7. Be3 Nbd7 8. Bb3
Qc7 9. Nge2 e5 10. Qd2 Rd8 11. Rd1 a6 12. O-O b5 13. axb5 axb5 14. Ra1 Bb7 15.
Rfd1 Bf8 16. Ng3 b4 17. Nce2 c5 18. dxe5 dxe5 19. Rxa8 Rxa8 20. Bd5 Nb6 21.
Bxb7 Qxb7 22. b3 c4 23. Bh6 c3 24. Qg5 Bxh6 25. Qxh6 Qe7 26. Qg5 Nfd5 27. Qxe7
Nxe7 28. Kf2 Ra2 29. Rc1 Kg7 30. Ke3 Nec8 31. f4 Kf6 32. fxe5+ Kxe5 33. Nd4 Ne7
34. Kd3 f6 35. Rf1 Ra8 36. Nf3+ Ke6 37. Nd4+ Ke5 38. Nf3+ Ke6 39. Nd4+ 1/2-1/2

[Event "First Saturday FM-A April 2014"]
[Site "Budapest"]
[Date "2014.04.07"]
[Round "3.2"]
[White "Juracsik, Jozsef"]
[Black "Bacsi, Andras"]
[Result "1-0"]
[WhiteElo "2117"]
[BlackElo "1782"]
[PlyCount "51"]
[EventDate "2014.04.05"]

1. e4 c5 2. Nf3 e6 3. d4 cxd4 4. Nxd4 a6 5. Nc3 Qc7 6. g3 b5 7. Bg2 Bb7 8. O-O
Nc6 9. Bf4 Ne5 10. Re1 d6 11. a4 bxa4 12. Rxa4 Nf6 13. Bh3 Bc6 14. Nxc6 Qxc6
15. Qe2 Qb6 16. b3 Nfd7 17. Rea1 Nc5 18. Be3 Qc6 19. R4a3 Be7 20. f4 Ned7 21.
b4 Nb7 22. Nd1 O-O 23. Bg2 Rfc8 24. Rc3 Qb5 25. Qxb5 axb5 26. Rxa8 1-0

[Event "First Saturday FM-A April 2014"]
[Site "Budapest"]
[Date "2014.04.07"]
[Round "3.3"]
[White "Bartha, Sandor"]
[Black "Darazs, Zoltan"]
[Result "0-1"]
[WhiteElo "2102"]
[BlackElo "2130"]
[PlyCount "68"]
[EventDate "2014.04.05"]

1. d4 c5 2. e3 Nf6 3. Nf3 g6 4. Be2 Bg7 5. O-O O-O 6. c3 d5 7. h3 Nc6 8. dxc5
a5 9. Nd4 e5 10. Nxc6 bxc6 11. b4 Rb8 12. Qa4 Bd7 13. a3 Ne4 14. Qc2 Qg5 15.
Kh2 f5 16. Bf3 Qh6 17. Rh1 Ng5 18. Bd1 e4 19. Kg1 Ne6 20. Ra2 g5 21. Nd2 f4 22.
Nf1 f3 23. g3 Qg6 24. c4 axb4 25. axb4 Rxb4 26. Nd2 Rc8 27. Ba3 Rbb8 28. Kh2
Qf5 29. Kg1 Qg6 30. Bb2 Nxc5 31. Bxg7 Qxg7 32. Ra7 Rb2 33. Qc1 Nd3 34. Qa1 Rxd2
0-1

[Event "First Saturday FM-A April 2014"]
[Site "Budapest"]
[Date "2014.04.07"]
[Round "3.4"]
[White "Terbe, Julianna"]
[Black "Kis, Bela"]
[Result "1-0"]
[WhiteElo "2102"]
[BlackElo "2050"]
[PlyCount "58"]
[EventDate "2014.04.05"]

1. e4 e5 2. Nf3 Nc6 3. Be2 Nf6 4. d3 g6 5. O-O Bg7 6. Nbd2 O-O 7. c3 d6 8. Qc2
b6 9. b3 Bb7 10. Bb2 d5 11. Rad1 Qd6 12. Rfe1 Rfe8 13. Bf1 Rad8 14. Qc1 Nh5 15.
exd5 Qxd5 16. Ne4 Nf6 17. Ng3 a5 18. d4 exd4 19. Rxe8+ Nxe8 20. Bc4 Qd7 21.
cxd4 Ne5 22. Nxe5 Bxe5 23. Qe3 Bg7 24. h4 c5 25. Ne2 b5 26. Bd3 cxd4 27. Qg5 f5
28. Bxf5 gxf5 29. Rxd4 h6 1-0

[Event "First Saturday FM-A April 2014"]
[Site "Budapest"]
[Date "2014.04.07"]
[Round "3.5"]
[White "Berta, Sandor"]
[Black "Marcu, Simon"]
[Result "0-1"]
[WhiteElo "1982"]
[BlackElo "1844"]
[PlyCount "98"]
[EventDate "2014.04.05"]

1. g3 d5 2. Bg2 e5 3. d3 Be7 4. Nf3 Bf6 5. c4 dxc4 6. Qa4+ c6 7. Qxc4 Be6 8.
Qc2 Ne7 9. Nc3 Bd5 10. e4 Be6 11. Ng5 Bg4 12. O-O h6 13. Nf3 O-O 14. Be3 b6 15.
b4 Qd6 16. a3 Nd7 17. Nd2 Rfc8 18. Kh1 c5 19. b5 Nf8 20. Nc4 Qd7 21. f4 exf4
22. e5 fxe3 23. exf6 Nf5 24. Ne5 Nd4 25. Qc1 Qe6 26. Qxe3 Re8 27. Nxg4 Qxg4 28.
Qf2 Rad8 29. h3 Qg6 30. Nd5 Rxd5 31. Bxd5 Re2 32. Qf4 Nfe6 33. Qb8+ Kh7 34. Be4
Rxe4 35. dxe4 Qxe4+ 36. Kg1 Ng5 37. Ra2 Ndf3+ 38. Kf2 Nxh3+ 39. Kg2 Nfg5+ 40.
Kh2 h5 41. Qf8 gxf6 42. Rxf6 Nf3+ 43. Rxf3 Qxf3 44. Kxh3 Qh1+ 45. Rh2 Qf1+ 46.
Kh4 Qf5 47. Qc8 Qxc8 48. Kxh5 Qf5+ 49. Kh4 c4 0-1

[Event "First Saturday FM-A April 2014"]
[Site "Budapest"]
[Date "2014.04.08"]
[Round "4.1"]
[White "Terbe, Zsuzsanna"]
[Black "Marcu, Simon"]
[Result "1-0"]
[WhiteElo "2036"]
[BlackElo "1844"]
[PlyCount "111"]
[EventDate "2014.04.05"]

1. g3 d5 2. Bg2 e5 3. d3 c6 4. Nf3 Bd6 5. c4 d4 6. O-O Ne7 7. Na3 O-O 8. Nc2 a5
9. Rb1 Na6 10. b3 f6 11. a3 c5 12. e3 Bg4 13. exd4 exd4 14. h3 Bxf3 15. Bxf3
Qd7 16. Bg2 Rae8 17. Qf3 b6 18. Bf4 Bxf4 19. Qxf4 Ng6 20. Qd2 Re7 21. b4 axb4
22. axb4 Rfe8 23. bxc5 Re2 24. c6 Qd8 25. Qd1 R2e5 26. Nb4 Nb8 27. Qb3 Rc5 28.
Nd5 Nxc6 29. Nxb6 Nce5 30. Nd5 Ne7 31. Rfd1 h5 32. h4 Nxd5 33. Bxd5+ Kh7 34.
Bg2 Ng4 35. Re1 Ree5 36. Qb4 g6 37. Rxe5 Rxe5 38. Re1 Qe8 39. Rxe5 Qxe5 40. Qd2
Kg7 41. Bd5 g5 42. hxg5 fxg5 43. Bf3 Qf5 44. Qe2 Ne5 45. Be4 Qh3 46. Bg2 Qf5
47. Qe4 Qxe4 48. Bxe4 Kf6 49. Kg2 g4 50. Kf1 Kg5 51. Ke2 h4 52. gxh4+ Kxh4 53.
c5 Nf7 54. c6 Kg5 55. c7 Nd6 56. Bb7 1-0

[Event "First Saturday FM-A April 2014"]
[Site "Budapest"]
[Date "2014.04.08"]
[Round "4.2"]
[White "Kis, Bela"]
[Black "Berta, Sandor"]
[Result "0-1"]
[WhiteElo "2050"]
[BlackElo "1982"]
[PlyCount "64"]
[EventDate "2014.04.05"]

1. e4 c5 2. d4 cxd4 3. c3 dxc3 4. Nxc3 e6 5. Nf3 a6 6. Bc4 Ne7 7. Bg5 h6 8. Bh4
b5 9. Bb3 Qb6 10. O-O d6 11. Bg3 Ng6 12. Nd5 exd5 13. Rc1 Bb7 14. Bxd5 Be7 15.
e5 O-O 16. exd6 Bd8 17. h4 Re8 18. h5 Nf8 19. Ne5 Bxd5 20. Qxd5 Ra7 21. Rc8 Qb7
22. Qxf7+ Qxf7 23. Nxf7 Kxf7 24. Rxb8 Bf6 25. Rxe8 Kxe8 26. Rc1 Kd7 27. b3 Ne6
28. Kh2 Ng5 29. f3 Rb7 30. Bf4 Nf7 31. Kh3 Nxd6 32. Kg4 Rb6 0-1

[Event "First Saturday FM-A April 2014"]
[Site "Budapest"]
[Date "2014.04.08"]
[Round "4.3"]
[White "Darazs, Zoltan"]
[Black "Terbe, Julianna"]
[Result "1/2-1/2"]
[WhiteElo "2130"]
[BlackElo "2102"]
[PlyCount "111"]
[EventDate "2014.04.05"]

1. d4 Nf6 2. c4 g6 3. Nc3 Bg7 4. e4 d6 5. f3 O-O 6. Be3 Nc6 7. Qd2 a6 8. h4 e5
9. d5 Nd4 10. Nge2 Nxe2 11. Bxe2 Nh5 12. O-O-O f5 13. g4 Ng3 14. Rhg1 f4 15.
Bf2 Qxh4 16. Bd3 Bd7 17. Ne2 Nxe2+ 18. Qxe2 Qe7 19. Kb1 Rfb8 20. Rc1 c5 21. g5
b5 22. Rg2 Ra7 23. Rh1 Rab7 24. b3 a5 25. cxb5 Bxb5 26. Ka1 a4 27. Bxb5 Rxb5
28. bxa4 Rb4 29. Rgg1 Qb7 30. Qd3 c4 31. Qc3 Ra8 32. Rb1 Raxa4 33. Rxb4 Rxb4
34. Rc1 Bf8 35. Be1 Ra4 36. Qb2 Qa7 37. Bf2 Qa6 38. Rc2 Ra3 39. Rc3 Rxc3 40.
Qxc3 Qa4 41. Kb2 Be7 42. Qc2 Qb4+ 43. Kc1 Qa3+ 44. Kb1 Qxf3 45. a4 Bd8 46. a5
Bxa5 47. Qxc4 Qd1+ 48. Kb2 Qd2+ 49. Kb3 Bd8 50. Qc8 Qd1+ 51. Kb2 Qe2+ 52. Kc3
Qf3+ 53. Kc4 Qxe4+ 54. Kc3 Qf3+ 55. Kc4 Qe2+ 56. Kc3 1/2-1/2

[Event "First Saturday FM-A April 2014"]
[Site "Budapest"]
[Date "2014.04.08"]
[Round "4.4"]
[White "Bacsi, Andras"]
[Black "Bartha, Sandor"]
[Result "0-1"]
[WhiteElo "1782"]
[BlackElo "2102"]
[PlyCount "96"]
[EventDate "2014.04.05"]

1. e4 c5 2. Nf3 d6 3. d4 cxd4 4. Nxd4 Nf6 5. Nc3 a6 6. Be2 e6 7. O-O Be7 8. a4
O-O 9. Be3 Nc6 10. Qd2 Qc7 11. f4 Rd8 12. Nb3 d5 13. e5 d4 14. exf6 gxf6 15.
Rf3 dxe3 16. Qxe3 f5 17. Rg3+ Kh8 18. Qf3 Rg8 19. Rxg8+ Kxg8 20. Rf1 Bf6 21.
Qh5 Bd7 22. Rf3 Kf8 23. Qxh7 Qb6+ 24. Kf1 Ke7 25. Qh3 Rh8 26. Qg3 Nb4 27. Bd3
Bc6 28. Qf2 Qxf2+ 29. Rxf2 Rxh2 30. Kg1 Rh4 31. a5 Rh8 32. Re2 Kd6 33. Kf2 Kc7
34. Ke1 Bxc3+ 35. bxc3 Nd5 36. Rf2 Nxc3 37. Kd2 Nd5 38. c4 Nf6 39. Kc3 Rh2 40.
Kd4 Rxg2 41. Rxg2 Bxg2 42. Nc5 Nd7 43. Nxd7 Kxd7 44. Ke5 Ke7 45. c5 Kd7 46. Kf6
Kc6 47. Bc4 Kxc5 48. Ba2 Bd5 0-1

[Event "First Saturday FM-A April 2014"]
[Site "Budapest"]
[Date "2014.04.08"]
[Round "4.5"]
[White "Steer, Jozsef"]
[Black "Juracsik, Jozsef"]
[Result "1/2-1/2"]
[WhiteElo "1918"]
[BlackElo "2117"]
[PlyCount "32"]
[EventDate "2014.04.05"]

1. e4 c6 2. d4 d5 3. Nc3 dxe4 4. Nxe4 Bf5 5. Ng3 Bg6 6. h4 h6 7. Nf3 Qc7 8. Bd3
Bxd3 9. Qxd3 Nf6 10. Bd2 Nbd7 11. O-O-O e6 12. Rhe1 O-O-O 13. Ne4 Nxe4 14. Qxe4
Nf6 15. Qe2 Be7 16. Kb1 Rhe8 1/2-1/2

[Event "First Saturday FM-A April 2014"]
[Site "Budapest"]
[Date "2014.04.09"]
[Round "5.1"]
[White "Juracsik, Jozsef"]
[Black "Terbe, Zsuzsanna"]
[Result "0-1"]
[WhiteElo "2117"]
[BlackElo "2036"]
[PlyCount "62"]
[EventDate "2014.04.05"]

1. e4 c5 2. Nf3 Nc6 3. Nc3 e5 4. Bc4 d6 5. d3 Be7 6. a3 Nf6 7. Ng5 O-O 8. h4
Nd4 9. Nd5 Be6 10. c3 Bxd5 11. exd5 Nf5 12. g4 Nh6 13. f3 Kh8 14. Be3 Nd7 15.
Qe2 Ng8 16. O-O-O Rb8 17. Ba2 b5 18. Bd2 a5 19. Kb1 Qc7 20. Rc1 Qa7 21. Ka1 b4
22. d4 bxa3 23. bxa3 cxd4 24. Qd3 Ngf6 25. cxd4 exd4 26. Rc4 Bd8 27. Rb1 Bb6
28. f4 Nc5 29. Qf5 Rfe8 30. Rcc1 Nfe4 31. Nxe4 Nxe4 0-1

[Event "First Saturday FM-A April 2014"]
[Site "Budapest"]
[Date "2014.04.09"]
[Round "5.2"]
[White "Bartha, Sandor"]
[Black "Steer, Jozsef"]
[Result "1/2-1/2"]
[WhiteElo "2102"]
[BlackElo "1918"]
[PlyCount "34"]
[EventDate "2014.04.05"]

1. e4 c6 2. d4 d5 3. Nc3 dxe4 4. Nxe4 Bf5 5. Ng3 Bg6 6. h4 h6 7. Nf3 e6 8. Bd3
Bxd3 9. Qxd3 Qc7 10. Bd2 Nd7 11. O-O-O Ngf6 12. Rhe1 O-O-O 13. Ne4 Nxe4 14.
Qxe4 Nf6 15. Qe2 Bd6 16. Kb1 Be7 17. g3 Rhe8 1/2-1/2

[Event "First Saturday FM-A April 2014"]
[Site "Budapest"]
[Date "2014.04.09"]
[Round "5.3"]
[White "Terbe, Julianna"]
[Black "Bacsi, Andras"]
[Result "1-0"]
[WhiteElo "2102"]
[BlackElo "1782"]
[PlyCount "93"]
[EventDate "2014.04.05"]

1. e4 c5 2. Nf3 e6 3. d4 cxd4 4. Nxd4 a6 5. c4 Qc7 6. Nc3 Nf6 7. a3 d6 8. Be2
Be7 9. Be3 Nbd7 10. O-O O-O 11. f3 b6 12. Qd2 Bb7 13. Rac1 Rac8 14. Rfd1 Rfe8
15. Bf1 Bf8 16. Qf2 Qb8 17. b4 d5 18. cxd5 exd5 19. exd5 Ne5 20. Bg5 Nxd5 21.
Nxd5 Bxd5 22. Bxa6 Rxc1 23. Bxc1 Qa8 24. Bb5 Rc8 25. Qe2 Nc4 26. Qd3 Ne5 27.
Qf5 Nc4 28. Qg4 Rd8 29. Bxc4 Bxc4 30. Bb2 Be6 31. Qg3 Qd5 32. Re1 Bc8 33. Qc7
Qd6 34. Qxd6 Rxd6 35. Re8 Bd7 36. Rb8 f6 37. Kf2 Kf7 38. Ke3 h5 39. b5 Rd5 40.
Rxb6 Bc5 41. Rb7 Ke8 42. a4 g5 43. Kd3 Bxd4 44. Bxd4 f5 45. Rb6 Bc8 46. Rh6 h4
47. Kc4 1-0

[Event "First Saturday FM-A April 2014"]
[Site "Budapest"]
[Date "2014.04.09"]
[Round "5.4"]
[White "Berta, Sandor"]
[Black "Darazs, Zoltan"]
[Result "1/2-1/2"]
[WhiteElo "1982"]
[BlackElo "2130"]
[PlyCount "108"]
[EventDate "2014.04.05"]

1. e4 Nf6 2. e5 Nd5 3. d4 d6 4. c4 Nb6 5. exd6 cxd6 6. Nc3 g6 7. Be3 Bg7 8. Rc1
O-O 9. b3 Nc6 10. d5 Ne5 11. Be2 f5 12. f4 Ng4 13. Bxg4 fxg4 14. Nge2 e5 15.
dxe6 Bxe6 16. O-O Re8 17. Qd2 d5 18. c5 Nc8 19. Nd4 Bf7 20. f5 Be5 21. Bf4 Bf6
22. Ncb5 g5 23. Bg3 Re4 24. Rce1 a6 25. Rxe4 dxe4 26. Nd6 Nxd6 27. Bxd6 Qd7 28.
Nc2 h5 29. Ne3 Qc6 30. Kh1 b6 31. Qb4 bxc5 32. Bxc5 a5 33. Qb6 Rc8 34. Qxc6
Rxc6 35. Ba3 a4 36. Rb1 Bd4 37. Rc1 Rxc1+ 38. Bxc1 axb3 39. axb3 Bxb3 40. Nf1
Bc4 41. Ne3 Bf7 42. Nc2 Bf6 43. Kg1 Bb3 44. Ne3 Kf7 45. Kf2 Bd4 46. Bd2 Ba4 47.
Kg3 Be5+ 48. Kf2 Bd7 49. Nc4 Bxh2 50. Bxg5 Bc7 51. Ke3 Bxf5 52. Nd2 Bb6+ 53.
Kf4 e3 54. Kxf5 exd2 1/2-1/2

[Event "First Saturday FM-A April 2014"]
[Site "Budapest"]
[Date "2014.04.09"]
[Round "5.5"]
[White "Marcu, Simon"]
[Black "Kis, Bela"]
[Result "0-1"]
[WhiteElo "1844"]
[BlackElo "2050"]
[PlyCount "86"]
[EventDate "2014.04.05"]

1. d4 Nf6 2. c4 e6 3. a3 d5 4. e3 Be7 5. Nf3 Nbd7 6. Nc3 O-O 7. Be2 b6 8. O-O
Bb7 9. b3 c5 10. Bb2 Rc8 11. Rc1 Bd6 12. dxc5 bxc5 13. Qd2 Bb8 14. cxd5 exd5
15. Na4 Qe7 16. Rfd1 Rfe8 17. Re1 Ne4 18. Qd1 Ndf6 19. h3 Nxf2 20. Qd2 Bg3 21.
Bxf6 gxf6 22. Rf1 Ne4 23. Qc2 Nd6 24. Bd3 Qxe3+ 25. Kh1 Ne4 26. Bxe4 dxe4 27.
Nh2 Qg5 28. Ng4 Bf4 29. Qc3 Re6 30. Rc2 f5 31. Nh2 Be5 32. Qe1 Rh6 33. Nxc5 e3
34. Nf3 Bxf3 35. Rxf3 f4 36. Ne4 Qf5 37. Rxc8+ Qxc8 38. b4 Qc2 39. Ng5 Rg6 40.
h4 h6 41. g4 fxg3 42. Qg1 hxg5 43. Rxe3 Rh6 0-1

[Event "First Saturday FM-A April 2014"]
[Site "Budapest"]
[Date "2014.04.11"]
[Round "6.1"]
[White "Terbe, Zsuzsanna"]
[Black "Kis, Bela"]
[Result "1/2-1/2"]
[WhiteElo "2036"]
[BlackElo "2050"]
[PlyCount "169"]
[EventDate "2014.04.05"]

1. e4 d6 2. d4 Nf6 3. Nc3 g6 4. f4 Bg7 5. Nf3 O-O 6. Bd3 Nc6 7. O-O e5 8. fxe5
dxe5 9. d5 Nd4 10. Nxe5 Nxe4 11. Bxe4 Bxe5 12. Bf4 Bxf4 13. Rxf4 Nf5 14. Qd2
Nd6 15. Bd3 Bf5 16. Raf1 Bxd3 17. Qxd3 Qe7 18. Ne4 Nxe4 19. Rxe4 Qc5+ 20. Kh1
Rad8 21. c4 c6 22. Rd1 Rd6 23. Qd2 cxd5 24. cxd5 Rfd8 25. Rd4 Rc8 26. h3 Qc2
27. Qf4 Rcd8 28. R4d2 Qc5 29. Qe4 R8d7 30. a3 Rd8 31. b4 Qb5 32. Qf3 a5 33. Rd4
Qa4 34. Rc4 Qd7 35. Rcd4 axb4 36. axb4 Qe7 37. Qd3 Qe5 38. Qb5 R8d7 39. R4d2
Re7 40. Qc5 Red7 41. b5 Kg7 42. Qc4 Rf6 43. Re2 Rf4 44. Qd3 Qf6 45. Re8 Qb2 46.
Re2 Qb4 47. Rc2 Rf5 48. Rcd2 Rd6 49. Qe2 Qc5 50. Rc2 Qb6 51. Qc4 Rdf6 52. Rcd2
Rf4 53. Qd3 Qd6 54. Qc3 h5 55. Re2 Kh7 56. Qe5 R4f5 57. Qxd6 Rxd6 58. Re7 b6
59. Rb7 Kg7 60. Kh2 Kf6 61. Rc7 Rdxd5 62. Rxd5 Rxd5 63. Rc6+ Ke7 64. Rxb6 Rd3
65. Rb7+ Ke6 66. b6 Rb3 67. Rb8 Kd7 68. Rb7+ Ke8 69. h4 Kf8 70. Rb8+ Kg7 71. b7
Kf6 72. g3 Kf5 73. Kh3 Rb2 74. Ra8 Rxb7 75. Ra5+ Ke6 76. Kg2 Rd7 77. Kf3 Rd5
78. Ra6+ Kf5 79. Ra3 f6 80. Rb3 Ra5 81. Rc3 g5 82. hxg5 Kxg5 83. Rb3 Ra4 84.
Rb5+ f5 85. Rb8 1/2-1/2

[Event "First Saturday FM-A April 2014"]
[Site "Budapest"]
[Date "2014.04.11"]
[Round "6.2"]
[White "Darazs, Zoltan"]
[Black "Marcu, Simon"]
[Result "1-0"]
[WhiteElo "2130"]
[BlackElo "1844"]
[PlyCount "71"]
[EventDate "2014.04.05"]

1. e4 e5 2. Nf3 d6 3. d4 exd4 4. Nxd4 Bd7 5. c4 Nc6 6. Nc3 Nf6 7. f3 Be7 8. Be3
O-O 9. Be2 Ne8 10. O-O f5 11. Nxf5 Bxf5 12. exf5 Rxf5 13. f4 Rf8 14. Rf3 g6 15.
Bd3 Bf6 16. f5 Ne5 17. fxg6 Nxf3+ 18. Qxf3 Bg7 19. gxh7+ Kh8 20. Qh3 c6 21. Rd1
d5 22. cxd5 cxd5 23. Ne2 d4 24. Nf4 Rxf4 25. Bxf4 Qb6 26. b3 Nc7 27. Qg3 Ne6
28. Be5 Qc5 29. Bxg7+ Nxg7 30. h3 Rf8 31. Re1 Qc3 32. Re7 Qc1+ 33. Kh2 Qh6 34.
Rxb7 Re8 35. Rb8 Qh5 36. Bb5 1-0

[Event "First Saturday FM-A April 2014"]
[Site "Budapest"]
[Date "2014.04.11"]
[Round "6.3"]
[White "Bacsi, Andras"]
[Black "Berta, Sandor"]
[Result "0-1"]
[WhiteElo "1782"]
[BlackElo "1982"]
[PlyCount "82"]
[EventDate "2014.04.05"]

1. e4 c5 2. Nf3 Nc6 3. d4 cxd4 4. Nxd4 Nf6 5. Nc3 e5 6. Ndb5 d6 7. Bg5 a6 8.
Na3 b5 9. Nd5 Be7 10. Bxf6 Bxf6 11. c3 Ne7 12. Nxe7 Qxe7 13. Qd3 O-O 14. Be2
Bb7 15. O-O Bg5 16. Bf3 f5 17. c4 Rad8 18. Rad1 bxc4 19. Qxc4+ Kh8 20. Nb1 d5
21. exd5 e4 22. Be2 Qe5 23. Nc3 Rf6 24. Qd4 Qc7 25. f3 Rh6 26. g3 Be7 27. Kg2
Bc5 28. Qc4 Qe7 29. fxe4 f4 30. Rxf4 Bd6 31. Rf2 Bc8 32. Bf3 Bh3+ 33. Kh1 Bxg3
34. Re2 Be5 35. Rg1 Rf8 36. Bg4 Bxg4 37. Rxg4 Rf1+ 38. Rg1 Rxg1+ 39. Kxg1 Qg5+
40. Kf1 Qc1+ 41. Re1 Qf4+ 0-1